|
|
|
|
| LEADER |
01179nam a2200301 i 4500 |
| 001 |
c000320226 |
| 003 |
CARM |
| 005 |
00000000000000.0 |
| 008 |
760128s1975 cauaf b 00110beng |
| 019 |
1 |
|
|a 526811
|5 LACONCORD2021
|
| 020 |
|
|
|a 0520025997
|
| 035 |
|
|
|a (OCoLC)2011044
|5 LACONCORD2021
|
| 043 |
|
|
|a n-us---
|a n-us-ca
|
| 050 |
0 |
0 |
|a HV7911.V6
|b C37
|
| 100 |
1 |
|
|a Carte, Gene E.
|
| 245 |
1 |
0 |
|a Police reform in the United States :
|b the era of August Vollmer, 1905-1932 /
|c by Gene E. Carte and Elaine H. Carte.
|
| 260 |
|
|
|a Berkeley :
|b University of California Press,
|c c1975.
|
| 300 |
|
|
|a x, 137 p., [3] leaves of plates :
|b ill. ;
|c 24 cm.
|
| 500 |
|
|
|a Includes index.
|
| 504 |
|
|
|a Bibliography: p. 129-134.
|
| 600 |
1 |
0 |
|a Vollmer, August,
|d 1876-1955.
|
| 650 |
|
0 |
|a Police
|z California
|z Berkeley
|x History.
|
| 650 |
|
0 |
|a Police
|z United States
|x History.
|
| 700 |
1 |
|
|a Carte, Elaine H.,
|e joint author.
|
| 852 |
8 |
|
|b CARM
|h A1:AM33C0
|i C10261
|p 0439493
|f BK
|
| 082 |
0 |
4 |
|a 363.2/092/4
|a B
|
| 999 |
f |
f |
|i fb199ad7-eee6-5a62-b670-beeb0ac5da9b
|s 71880d40-2091-5f13-a47d-10f541d34229
|
| 952 |
f |
f |
|p Can circulate
|a CAVAL
|b CAVAL
|c CAVAL
|d CARM 1 Store
|e C10261
|f A1:AM33C0
|h Other scheme
|i book
|m 0439493
|